000 00771nam a2200265Ia 4500
003 OSt
005 20220926010929.0
006 a|||||r|||| 00| 0
007 ta
008 220923b |||||||| |||| 00| 0 eng d
020 _a0135659876
037 _cGeneral Book
040 _aRTL
_cRTL
_beng
041 _2eng
_aeng
082 _aX0aL:5, N7
100 _aFolland Sherman, and others
_9297621
245 0 _aEconomics of health and health care
250 _a2nd
260 _aNew Jersey
_bPrentice Hall
_c1997
300 _axii, 666p
_ccm.
500 _aBibliography: P 607-42; Glossary: P 597-606
650 _aEconomics irt Medicine
_9236377
942 _hX0aL:5, N7
_cGB
_2CC
999 _c618699
_d618699